KOHA-Header-6

ML-103 Business English (Record no. 10147)

000 -LEADER
fixed length control field 00261nam a2200109Ia 4500
100 ## - MAIN ENTRY--AUTHOR NAME
Personal name ICAMAP Study text
245 #0 - TITLE STATEMENT
Title ML-103 Business English
260 ## - PUBLICATION, DISTRIBUTION, ETC. (IMPRINT)
Place of publication India
Name of publisher S. Chand
Year of publication 2003
300 ## - PHYSICAL DESCRIPTION
Number of Pages 787
942 ## - ADDED ENTRY ELEMENTS (KOHA)
Koha item type Books
Holdings
Withdrawn status Lost status Collection code Permanent Location Current Location Shelving location Date acquired Full call number Accession Number Koha item type
    Business MAJU MAJU   2019-09-14 658.7 6259 Business

Powered by Koha